Certifications des Rappeurs fr - Statistiques

Statistiques générales
  • Ce quiz a été pris 148 fois
  • Le résultat moyen est 8 sur 15
Statistiques - réponses
Hint Réponse % Correct
4 Diamants / 1 3xPlatine / 1 2xPlatine / 1 Platine ninho
93%
3 Diamant / 4 3xPlatine / 8 2xPlatine / 4 Platine / 1 Or Jul
91%
1 Diamant / 4 Platine / 3 Or booba
83%
3 Diamants / 2 3xPlatine damso
65%
2 2xPlatine / 2 Platine / 2 Or kaaris
63%
1 2xDiamant / 1 Diamant / 1 3xPlatine PNL
63%
1 3xPlatine / 3 2xPlatine / 3 Platine SCH
59%
1 2xDiamant / 2 Diamant nekfeu
57%
1 Diamant / 1 3xPlatine / 1 2xPlatine / 1 Platine Niska
55%
1 2xDiamant / 1 Diamant / 1 2xPlatine / 1 Or GIMS
54%
1 3xPlatine / 2 2xPlatine / 1 Platine / 2 Or PLK
54%
1 2xDiamant / 1 Diamant / 1 2xPlatine / 1 Platine orelsan
44%
1 3xPlatine / 2 2xPlatine / 1 Platine Vald
32%
1 3xPlatine / 1 Or Diam's
14%
3 Platine / 1 Or Josman
8%
Aucun quiz correspondant
Distribution des résultats
% des personnes avec chaque résultat
Percentile par nombre de réponses
Votre historique - résultats
Vous n’avez pas pris ce quiz